000 00514nam a2200181 i 4500
001 33062
003 ES-MaACL
005 20230906154705.0
007 t|
008 030201s1946 sp ||||1| spa d
100 1 _aBeryes, Ignacio de.
_928551
245 1 0 _aHistoria de la danza
_b: ensayo /
_cIgnacio de Beryes.
250 _a[1ª ed.].
260 _aBarcelona :
_bVives,
_c[1946]
300 _a335 p., 48 lám. :
_bil. ;
_c20 cm.
650 4 _aDanza-
_vHistoria.
_9162926
852 _aES-MaACL
_jE-510
_bR.28594
999 _c33062
_d33062